000 00461nam a2200181Ia 4500
008 090124s9999 xx 000 0 und d
082 _b5278
_a543
100 _aफाटक ग. कृ.
245 _a घर जांवई
250 _a1
260 _c1935
300 _a56
600 _aफाटक ग. कृ.
630 _a घर जांवई
700 _aफाटक ग. कृ.
730 _a घर जांवई
942 _cBOOK
999 _c119219
_d119219